South Eastern Kenya University

Library Online Public Access Catalogue


The first two years/ (Record no. 12964)

MARC details
000 -LEADER
fixed length control field 00636nam a22002297a 4500
003 - CONTROL NUMBER IDENTIFIER
control field OSt
005 - DATE AND TIME OF LATEST TRANSACTION
control field 20160421155618.0
008 - FIXED-LENGTH DATA ELEMENTS--GENERAL INFORMATION
fixed length control field 160421b xxu||||| |||| 00| 0 eng d
020 ## - INTERNATIONAL STANDARD BOOK NUMBER
International Standard Book Number 0842308946
020 ## - INTERNATIONAL STANDARD BOOK NUMBER
International Standard Book Number 9780842308946
040 ## - CATALOGING SOURCE
Original cataloging agency SEKU
050 ## - LIBRARY OF CONGRESS CALL NUMBER
Classification number RJ 61
Item number .R4
100 ## - MAIN ENTRY--PERSONAL NAME
Personal name Reisser, Paul C
245 ## - TITLE STATEMENT
Title The first two years/
Statement of responsibility, etc. Paul C Reisser
260 ## - PUBLICATION, DISTRIBUTION, ETC. (IMPRINT)
Place of publication, distribution, etc. Wheaton, Ill. :
Name of publisher, distributor, etc. Tyndale House Publishers,
Date of publication, distribution, etc. ©1997.
300 ## - PHYSICAL DESCRIPTION
Extent xvi, 220 pages :
Other physical details illustrations ;
Dimensions 24 cm.
500 ## - GENERAL NOTE
General note Includes index
650 ## - SUBJECT ADDED ENTRY--TOPICAL TERM
Topical term or geographic name as entry element Pediatrics -- Popular works.
650 ## - SUBJECT ADDED ENTRY--TOPICAL TERM
Topical term or geographic name as entry element Child care.
650 ## - SUBJECT ADDED ENTRY--TOPICAL TERM
Topical term or geographic name as entry element Child development.
942 ## - ADDED ENTRY ELEMENTS (KOHA)
Source of classification or shelving scheme Library of Congress Classification
Koha item type General circulation
Holdings
Withdrawn status Lost status Source of classification or shelving scheme Damaged status Not for loan Home library Current library Shelving location Date acquired Source of acquisition Total Checkouts Full call number Barcode Date last seen Price effective from Koha item type Public note
    Library of Congress Classification     Main Campus Library Main Campus Library General Stacks 21/04/2016 Donation - Books for Africa   RJ 61 .R4 2016/017059 21/04/2016 21/04/2016 General circulation res
Kitui, Kenya.
+254736116989
library@seku.ac.ke